00410nam a22001577a 450000500170000001000140001702000250003103500130005603700130006908200080008210000120009024500530010226000350015527000420019030000200023220100810104419.0 aENG-99352 a9789380211107c75.00 aEN-82884 bDBAD/PUB a920 aSelvi,C aKamals Markandaya a critical study /cby C Selvi aPollachibEthir Veliyedec2009 a305, Police Station RoadbPollachie1 a112pc19cm(pbk)